| 000 | 00571nam a2200205 a 4500 | ||
|---|---|---|---|
| 001 | 2543 | ||
| 003 | CDMR | ||
| 005 | 20131128122341.0 | ||
| 008 | 130130s1985||||||||||||||||||||||||||||d | ||
| 020 | _a8429722742 | ||
| 040 |
_aCDMR _bcat _cCDMR |
||
| 100 | 1 |
_aLarreula, Enric _91909 |
|
| 245 | 1 | 4 |
_aLes revistes infantils catalanes de 1939 ençà _cEnric Larreula |
| 260 |
_aBarcelona _c1985 _bEdicions 62 |
||
| 300 | _a313 p. | ||
| 490 | 0 |
_aLlibres a l'abast _v202 |
|
| 650 | 0 | 4 |
_94401 _aRevistes catalanes _zCatalunya |
| 650 | 0 | 4 |
_94166 _aRevistes infantils |
| 942 |
_cMON _2udc |
||
| 999 |
_c2543 _d2543 |
||